Genes / (Record no. 4123)
[ view plain ]
| 000 -LEADER | |
|---|---|
| fixed length control field | 00468nam a2200157Ia 4500 |
| 020 ## - INTERNATIONAL STANDARD BOOK NUMBER | |
| International Standard Book Number | 0471852279 |
| 082 ## - DEWEY DECIMAL CLASSIFICATION NUMBER | |
| Classification number | 575.1 |
| Author Mark | LEW |
| 100 ## - MAIN ENTRY--PERSONAL NAME | |
| Author Name | Lewin, Benjamin. (ed) |
| 245 #0 - TITLE STATEMENT | |
| Title | Genes / |
| 250 ## - EDITION STATEMENT | |
| Edition statement | 3rd |
| 260 ## - PUBLICATION, DISTRIBUTION, ETC. | |
| Place of publication, distribution, etc. | New york |
| Name of publisher, distributor, etc. | John Wiley & sons |
| Date of publication, distribution, etc. | 1987 |
| 300 ## - PHYSICAL DESCRIPTION | |
| No of Pages | 761 |
| illustrations | ill |
| Dimensions | 23cm |
| 504 ## - BIBLIOGRAPHY, ETC. NOTE | |
| Bibliography, Index, etc. note | include:index |
| 650 ## - SUBJECT ADDED ENTRY--TOPICAL TERM | |
| Subject | Genetics.Genes |
| Keywords | DNA as a store of information, truning genes into proteins, perpetuation of DNA |
| 942 ## - ADDED ENTRY ELEMENTS (KOHA) | |
| Koha item type | Books |
| Source of classification or shelving scheme | |
| Item status | Home library | Current library | Shelving location | Date acquired | Total Checkouts | Full call number | Barcode | Date last seen | Koha item type |
|---|---|---|---|---|---|---|---|---|---|
| Islamabad Medical and Dental College | Islamabad Medical and Dental College | Islamabad Medical and Dental College | 16/03/2018 | 575.1 LEW | 5577 | 16/03/2018 | Books |
